000 00476cam a2200181ua 4500
020 _c7.75
041 _aeng
_h
082 _a954.02
_bGUR/RE
100 _aGurbaksh Singh, Kapoor .
245 _aRefresher course in history of India: Mughal period /
_cGurbaksh Singh Kapoor.
_hTextual Documents
250 _a1 /
_b.
260 _aNew Delhi :
_bS.Chand and Co ,
_c1961.
300 _a526 ; .
365 _a7.75
504 _a
942 _cBK
999 _c7575
_d7575